LEADER 01096nam0 2200337 450 001 000021331 005 20180913104941.0 100 $a20090112d1952----km-y0itay50------ba 101 0 $aita 102 $aIT 105 $ay-------001yy 200 1 $aPrincipii di scienza economica$fMarco Fanno 205 $a4. ed. riveduta e aggiornata 210 $aPadova$cCedam$d1952 215 $a2 v.$d25 cm 300 $aIn testa al front.: Istituto di scienze economiche della Università di Padova 327 0 $a1.: Prime nozioni fondamentali 451 0$1001000021316 451 0$1001000021321 451 0$1001000021332 500 10$aPrincipii di scienza economica$948174 610 1 $aEconomia 676 $a330$v19$9Scienze economiche 676 $a330.01$v19$9Scienze economiche. Filosofia e teoria 676 $a330.01$v20$9Economia. Filosofia e teoria 700 1$aFanno,$bMarco$0103336 801 0$aIT$bUNIPARTHENOPE$c20090112$gRICA$2UNIMARC 912 $a000021331 951 $a330.1/156[1](1)$b10440$cNAVA4 996 $aPrincipii di scienza economica$948174 997 $aUNIPARTHENOPE LEADER 02642oam 2200721 450 001 9910691203903321 005 20160822120316.0 035 $a(CKB)5470000002345329 035 $a(OCoLC)502151293 035 $a(EXLCZ)995470000002345329 100 $a20100127d2009 ua 0 101 0 $aeng 135 $aurmn||||||||| 181 $ctxt$2rdacontent 182 $cc$2rdamedia 183 $acr$2rdacarrier 200 02$aA motor carrier's guide to improving highway safety 210 1$aWashington, DC :$cU.S. Department of Transportation, Federal Motor Carrier Safety Administration,$d2009. 215 $a1 online resource (ii, 155 pages) $cillustrations 300 $aTitle from title screen (viewed Jan. 17, 2013). 300 $aAt head of title: Education & Technical Assistance Program. 300 $a"December 2009." 300 $a"FMCSA-ESO-08-003"--Page [4] of PDF cover. 606 $aHighway transport workers$zUnited States$vHandbooks, manuals, etc 606 $aTruck drivers$zUnited States$vHandbooks, manuals, etc 606 $aBus drivers$zUnited States$vHandbooks, manuals, etc 606 $aCommercial vehicles$xSafety regulations$zUnited States$vHandbooks, manuals, etc 606 $aTrucking$xSafety measures$zUnited States$vHandbooks, manuals, etc 606 $aTraffic safety$zUnited States$vHandbooks, manuals, etc 606 $aBus drivers$2fast 606 $aCommercial vehicles$xSafety regulations$2fast 606 $aHighway transport workers$2fast 606 $aTraffic safety$2fast 606 $aTruck drivers$2fast 606 $aTrucking$xSafety measures$2fast 607 $aUnited States$2fast 608 $aHandbooks and manuals.$2fast 608 $aHandbooks and manuals.$2lcgft 615 0$aHighway transport workers 615 0$aTruck drivers 615 0$aBus drivers 615 0$aCommercial vehicles$xSafety regulations 615 0$aTrucking$xSafety measures 615 0$aTraffic safety 615 7$aBus drivers. 615 7$aCommercial vehicles$xSafety regulations. 615 7$aHighway transport workers. 615 7$aTraffic safety. 615 7$aTruck drivers. 615 7$aTrucking$xSafety measures. 712 02$aUnited States.$bFederal Motor Carrier Safety Administration, 712 02$aEducation & Technical Assistance Program (U.S.) 801 0$bTOL 801 1$bTOL 801 2$bOCLCF 801 2$bOCLCO 801 2$bOCL 801 2$bOCLCQ 801 2$bGPO 906 $aBOOK 912 $a9910691203903321 996 $aA motor carrier's guide to improving highway safety$93472608 997 $aUNINA